Every Winner Of The F1 Japanese Grand Prix - Statistics

General Stats
  • This quiz has been taken 15 times
  • The average score is 36 of 39
Answer Stats
Hint Answer % Correct
2006 Fernando Alonso
100%
2008 Fernando Alonso
100%
2011 Jenson Button
100%
2007 Lewis Hamilton
100%
2014 Lewis Hamilton
100%
2015 Lewis Hamilton
100%
2017 Lewis Hamilton
100%
2018 Lewis Hamilton
100%
2022 Max Verstappen
100%
2023 Max Verstappen
100%
2024 Max Verstappen
100%
2025 Max Verstappen
100%
1995 Michael Schumacher
100%
1997 Michael Schumacher
100%
2000 Michael Schumacher
100%
2001 Michael Schumacher
100%
2002 Michael Schumacher
100%
2004 Michael Schumacher
100%
1998 Mika Hakkinen
100%
1999 Mika Hakkinen
100%
2009 Sebastian Vettel
100%
2010 Sebastian Vettel
100%
2012 Sebastian Vettel
100%
2013 Sebastian Vettel
100%
2019 Valtteri Bottas
100%
1988 Ayrton Senna
92%
1993 Ayrton Senna
92%
1994 Damon Hill
92%
1996 Damon Hill
92%
2016 Nico Rosberg
92%
2005 Kimi Raikkonen
85%
2003 Rubens Barrichello
85%
1977 James Hunt
77%
1990 Nelson Piquet
77%
1976 Mario Andretti
62%
1992 Riccardo Patrese
62%
1987 Gerhard Berger
54%
1991 Gerhard Berger
54%
1989 Alessandro Nannini
46%
No matching quizzes found
Score Distribution
Percent of People with Each Score
Percentile by Number Answered
Your Score History
You have not taken this quiz